Inazuma eleven season 1 - Statistics

General Stats
  • This quiz has been taken 125 times
  • The average score is 8 of 15
Answer Stats
Answer % Correct
Mark Evans
99%
Axel Blaze
96%
Jude Sharp
84%
Kevin Dragonfly
77%
Jack Wallside
74%
Nathan Swift
69%
Erik Eagle
51%
Bobby Shearer
45%
Willy Glass
44%
Todd Ironside
42%
Steve Grim
37%
Maxwell Carson
31%
Sam Kincaid
23%
Tim Saunders
19%
Jim Wright
10%
No matching quizzes found
Score Distribution
Percent of People with Each Score
Percentile by Number Answered
Your Score History
You have not taken this quiz